|
|
|
|
| LEADER |
00000nam a2200000 a 4500 |
| 001 |
vtls001304266 |
| 003 |
SK-MaSNL |
| 005 |
20260301004925.0 |
| 008 |
240313s1871 xx 0 und |
| 035 |
|
|
|a SNK000256457
|
| 040 |
|
|
|a SNK
|b slo
|c SNK
|e AACR2
|
| 041 |
0 |
|
|a und
|
| 044 |
|
|
|a xx
|
| 100 |
1 |
|
|a Golsendorff, Franz
|4 aut
|9 288458
|
| 245 |
1 |
4 |
|a Die britischen Colonien
|
| 260 |
|
|
|a Berlin
|b C. G. Lűderiss'sche verlagsnuchhandlung
|c 1871
|
| 300 |
|
|
|a 38 s.
|
| 958 |
|
|
|a ONDV
|
| 999 |
|
|
|c 543724
|d 545654
|
| 952 |
|
|
|t P60, <04>, [BOOK], {604}
|a SNK
|b SNK
|y VYP
|7 0
|p 17A0098972
|o snkIC 70766
|0 0
|1 0
|4 0
|d 1997-09-29
|l 0
|r 2005-01-02 00:00:00
|w 2026-02-23
|